El 98 en la Real Academia de jurisprudencia y legislación
Sparad:
| Huvudupphovsman: | |
|---|---|
| Materialtyp: | Bok |
| Språk: | spanska |
| Publicerad: |
Madrid
Real Academia de Jurisprudencia y Legislación
1998
|
| Ämnen: | |
| Taggar: |
Lägg till en tagg
Inga taggar, Lägg till första taggen!
|
MARC
| LEADER | 00000nam a2200000 a 4500 | ||
|---|---|---|---|
| 001 | UCP6538 | ||
| 003 | CL-VaPUC | ||
| 008 | 991029e19980000SP |||||||||||||||||spa|d | ||
| 082 | 0 | 4 | |a 340.109 |b CAS |2 21 |
| 100 | 0 | |a Castán Vázquez, José María |e author |9 435650 | |
| 245 | 1 | 3 | |a El 98 en la Real Academia de jurisprudencia y legislación |
| 300 | |a 26 p | ||
| 942 | |c BK | ||
| 945 | |d 19991029 00:00:00 |a vberengu | ||
| 260 | |a Madrid |b Real Academia de Jurisprudencia y Legislación |c 1998 | ||
| 600 | 0 | 7 | |a MAURA, ANTONIO |2 CL-VaPUC |9 435651 |
| 600 | 0 | 7 | |a REAL ACADEMIA DE JURISPRUDENCIA Y LEGISLACION |2 CL-VaPUC |9 435652 |
| 650 | 0 | |a Derecho español |9 255291 | |
| 650 | 0 | |a Jurisprudencia |9 255952 | |
| 651 | 0 | |a España |9 254926 | |
| 583 | |a last modification |c 19991029 00:00:00 |k Rodrigo Vera | ||
| 999 | |c 284048 |d 284046 | ||
| 952 | |0 0 |1 0 |2 ddc |4 0 |6 340_109000000000000_CAS_1998 |7 0 |8 A |9 327736 |a BIBDER |b BIBDER |d 2019-11-20 |i 3533603 |o 340.109 CAS 1998 |p 3533603 |r 2023-01-25 |w 2019-11-20 |y MX |k DER | ||
| 952 | |0 0 |1 0 |2 ddc |4 0 |6 340_109000000000000_CAS_1998 |7 0 |8 A |9 327737 |a BIBDER |b BIBDER |d 2019-11-20 |i 3533611 |o 340.109 CAS 1998 |p 3533611 |r 2023-01-25 |w 2019-11-20 |y MX |k DER | ||